000 00883nam a22001817a 4500
999 _c62392
_d62392
003 Ge_BSU
005 20241021170209.0
008 241021s1979 ge ||||| |||| 00| 0 geo d
041 _ageo
080 _a616.6(479.22)(092) ო-91
100 _aოჩიგავა-გზირიშვილი, თამარ
_923467
245 _aალექსანდრე გზირიშვილი :
_b[უროლოგი. ცხოვრება და მოღვაწეობა] /
_cთამარ ოჩიგავა-გზირიშვილი.
264 _aთბ. :
_bმეცნიერება,
_c1979.
300 _a216 გვ. :
_bილ. 1ფ. პორტრ. ;
_c21სმ.
653 _aგზირიშვილი, ალექსანდრე
653 _aქართველი უროლოგები
942 _2udc
_cᲬᲘᲒᲜᲘ